[Event "Winter is coming"]
[Site "SchemingMind.com"]
[Date "2008.11.22"]
[Round "-"]
[White "Clive Everill"]
[Black "ricky chaperlo"]
[Result "1-0"]
[WhiteCountry "CZE"]
[BlackCountry "USA"]
[WhiteElo "1644"]
[WhiteRD "50"]
[BlackElo "1498"]
[BlackRD "74"]
[GameID "179737"]

1. e4 e5 2. Nf3 d6 3. d4 Bg4 4. dxe5 dxe5 5. Qxd8+ Kxd8 6. Nxe5 Be6 7. Nc3 Bd6 8. Nd3 Nh6 9. f3 Nc6 10. Be3 f6
11. O-O-O Nf7 12. Nc5 Bc8 13. Bc4 Nfe5 14. Be6 Bxe6 15. Nxe6+ Ke7 16. Nxg7 Nc4 17. Bf2 Bf4+ 18. Kb1 Rhg8 19. Nf5+ Kf7 20. g3 Bg5
21. f4 Rgd8 22. fxg5 N4e5 23. gxf6 Ng4 24. Be1 Kxf6 25. h3 Nge5 26. Nd5+ Ke6 27. Bc3 Nf3 28. Nxc7+ Kf7 29. Nxa8 Rxa8 30. Rd7+ Kg6
31. Rg7+ Kh5 32. g4#
1-0

[Event "Winter is coming"]
[Site "SchemingMind.com"]
[Date "2008.11.20"]
[Round "-"]
[White "ricky chaperlo"]
[Black "Clive Everill"]
[Result "1/2-1/2"]
[WhiteCountry "USA"]
[BlackCountry "CZE"]
[WhiteElo "1498"]
[WhiteRD "74"]
[BlackElo "1644"]
[BlackRD "50"]
[GameID "179741"]

1. e4 d5 2. exd5 Qxd5 3. Qf3 Qe5+ 4. Be2 Nf6 5. c3 e6 6. d4 Qd5 7. Qxd5 Nxd5 8. Bf3 Bd6 9. Bd2 c5 10. dxc5 Bxc5
11. b4 Bd6 12. Ne2 O-O 13. O-O Nc6 14. a3 Bd7 15. c4 Nf6 16. b5 Ne5 17. Bxb7 Rab8 18. Ba6 Nxc4 19. Bc3 Bxb5 20. Bxb5 Rxb5
21. Nd4 Rd5 22. a4 Be5 23. Nc6 Bxc3 24. Nxc3 Rd3 25. Ne2 a6 26. Rac1 Nb2 27. Nb4 Ra3 28. Nxa6 Rxa4 29. Nc5 Ra3 30. g3 Nd5
31. Nd7 Rd8 32. Kg2 g6 33. Ne5 Nd3 34. Nxd3 Rxd3 35. Nf4 Nxf4+ 36. gxf4 R8d5 37. f3 e5 38. fxe5 Rxe5 39. Kg3 h5 40. h4 Re2
41. Rg1 Ree3 42. Rgf1 Re4 43. Rf2 Rg4+ 44. Kh3 g5 45. hxg5 Rxg5 46. Kh4 Rgd5 47. Rg1+ Kh7 48. Rg5 f6 49. Rxh5+ Rxh5+=
1/2-1/2

[Event "Winter is coming"]
[Site "SchemingMind.com"]
[Date "2008.11.23"]
[Round "-"]
[White "lemmie"]
[Black "harmy"]
[Result "0-1"]
[WhiteCountry "NED"]
[BlackCountry "USA"]
[WhiteElo "1701"]
[WhiteRD "50"]
[BlackElo "1894"]
[BlackRD "82"]
[GameID "179992"]

1. e4 Nf6 2. e5 Nd5 3. d4 d6 4. c4 Nb6 5. f4 dxe5 6. fxe5 c5 7. d5 e6 8. Nc3 exd5 9. cxd5 Qh4+ 10. g3 Qd4
11. Bf4 g5 12. Bd2 Nxd5 13. Nge2 Qxe5 14. Nb5 Be7 15. Bc3 Nxc3 16. Nxc3 Nc6 17. Qc2 Bf5 18. Qb3 Nb4 19. Rc1 Nd3+
0-1

[Event "Winter is coming"]
[Site "SchemingMind.com"]
[Date "2008.11.23"]
[Round "-"]
[White "harmy"]
[Black "lemmie"]
[Result "1-0"]
[WhiteCountry "USA"]
[BlackCountry "NED"]
[WhiteElo "1894"]
[WhiteRD "82"]
[BlackElo "1701"]
[BlackRD "50"]
[GameID "179997"]

1. d4 d5 2. c4 dxc4 3. Nf3 e6 4. e3 Nf6 5. Bxc4 Bb4+ 6. Nc3 O-O 7. O-O Nc6 8. a3 Bxc3 9. bxc3 a6 10. Qc2 Bd7
11. e4 Ne7 12. Bg5 h6 13. Bxf6 gxf6 14. d5 b5 15. Ba2 Ng6 16. Rfd1 Kg7 17. dxe6 fxe6 18. Bxe6 Ne5 19. Nxe5 fxe5 20. Rxd7+
1-0

[Event "Winter is coming"]
[Site "SchemingMind.com"]
[Date "2008.11.23"]
[Round "-"]
[White "maro"]
[Black "Girkassa"]
[Result "0-1"]
[WhiteCountry "MEX"]
[BlackCountry "NOR"]
[WhiteElo "1259"]
[WhiteRD "58"]
[BlackElo "2014"]
[BlackRD "180"]
[GameID "180095"]

1. e4 e5 2. Nc3 Nf6 3. g3 d5 4. Bg2 d4 5. Nd5 Ng8 6. d3 c6 7. Nb4 Bxb4+ 8. Bd2 Bxd2+ 9. Qxd2 Be6 10. O-O-O c5
11. Nf3 f6 12. h3 Nc6 13. g4 Qa5 14. Qxa5 Nxa5 15. g5 Ne7 16. gxf6 gxf6 17. h4 Ng6 18. Ng5 fxg5 19. h5 Nf4 20. Bf3 g4
21. Bxg4 Bxg4 22. Rd2 c4 23. dxc4 Nxc4
0-1

[Event "Winter is coming"]
[Site "SchemingMind.com"]
[Date "2008.11.23"]
[Round "-"]
[White "Girkassa"]
[Black "maro"]
[Result "1-0"]
[WhiteCountry "NOR"]
[BlackCountry "MEX"]
[WhiteElo "2014"]
[WhiteRD "180"]
[BlackElo "1259"]
[BlackRD "58"]
[GameID "180099"]

1. d4 d5 2. c4 dxc4 3. Nf3 f6 4. e4 e6 5. Bxc4 f5 6. exf5 exf5 7. Ne5 Bd7 8. Bf7+ Ke7 9. Bxg8 Rxg8 10. Bg5+ Ke8
11. Bxd8 Bb4+ 12. Nc3 Kxd8 13. Qb3 Re8 14. Qxb4 b6 15. O-O Na6 16. Qc4 Nb8 17. Nd5 c6 18. Nf7+ Kc8 19. Rfe1 Rxe1+ 20. Rxe1 b5
21. Nd6+ Kd8 22. Qc3 Be6 23. Qa5+ Kd7 24. Qc7#
1-0

[Event "Winter is coming"]
[Site "SchemingMind.com"]
[Date "2008.11.24"]
[Round "-"]
[White "dadcando"]
[Black "Kasker"]
[Result "0-1"]
[WhiteCountry "USA"]
[BlackCountry "POL"]
[WhiteElo "1600"]
[WhiteRD "210"]
[BlackElo "2149"]
[BlackRD "100"]
[GameID "180208"]

1. e4 c5 2. Nc3 e6 3. d4 cxd4 4. Qxd4 Nc6 5. Qd1 Nf6 6. Nf3 Bb4 7. a4 Nxe4 8. Ng5 Nxg5 9. Bb5 Ne4 10. O-O Nxc3
11. bxc3 Bxc3 12. Ra2 O-O 13. Bb2 Nb4 14. Bxc3 Nxa2 15. Bb2 a6 16. Qd4 Qf6 17. Bc4 Qxd4 18. Bxd4 Nb4 19. c3 Nc6 20. Bc5 Re8
21. Re1 b5 22. axb5 axb5 23. Bxb5 Ra5 24. Rb1 Ba6 25. Bb6 Rxb5 26. Rxb5 Bxb5 27. h4 d5 28. g4 Rb8 29. Bc7 Rc8 30. Bd6 Na5
31. Be5 f6 32. Bd4 e5 33. Bb6 Nb3
0-1

[Event "Winter is coming"]
[Site "SchemingMind.com"]
[Date "2008.11.23"]
[Round "-"]
[White "Kasker"]
[Black "dadcando"]
[Result "1-0"]
[WhiteCountry "POL"]
[BlackCountry "USA"]
[WhiteElo "2149"]
[WhiteRD "106"]
[BlackElo "1515"]
[BlackRD "250"]
[GameID "180216"]

1. e4 d5 2. exd5 Qxd5 3. Nc3 Qc6 4. Bb5 Qxb5 5. Nxb5 Kd7 6. d4 c6 7. Nc3 Nf6 8. Nf3 Na6 9. O-O Nd5 10. Re1 e6
11. Ne5+ Ke8 12. Nxd5 cxd5 13. Qf3 f6 14. Qh5+ g6 15. Nxg6 hxg6 16. Qxh8 g5 17. Qxf6 Nb4 18. Rxe6+ Bxe6 19. Qxe6+ Be7 20. Bxg5
1-0

[Event "Winter is coming"]
[Site "SchemingMind.com"]
[Date "2008.11.26"]
[Round "-"]
[White "Black Knight"]
[Black "Aadsje"]
[Result "0-1"]
[WhiteCountry "USA"]
[BlackCountry "NED"]
[WhiteElo "1538"]
[WhiteRD "73"]
[BlackElo "2208"]
[BlackRD "59"]
[GameID "180366"]

1. e4 c5 2. Nf3 d6 3. d4 cxd4 4. Nxd4 Nf6 5. Nc3 a6 6. Be2 e5 7. Nf3 h6 8. O-O Be7 9. Bd2 Be6 10. Be3 O-O
11. Nd5 Nbd7 12. Nxe7+ Qxe7 13. b3 Nxe4 14. Nd2 Nc3 15. Qe1 Qf6 16. Nc4 Nxe2+ 17. Qxe2 d5 18. Nb6 Nxb6 19. Bxb6 Rac8 20. Rac1 Rc6
21. Be3 d4 22. Bd2 Rfc8 23. Qd3 Qf5 24. Qxf5 Bxf5
0-1

[Event "Winter is coming"]
[Site "SchemingMind.com"]
[Date "2008.11.24"]
[Round "-"]
[White "mostly harmless"]
[Black "aadaam"]
[Result "1-0"]
[WhiteCountry "GER"]
[BlackCountry "INT"]
[WhiteElo "1912"]
[WhiteRD "184"]
[BlackElo "1768"]
[BlackRD "44"]
[GameID "180367"]

1. e4 e6 2. d3 d5 3. Nd2 c5 4. Ngf3 Nc6 5. g3 Nf6 6. Bg2 Be7 7. O-O O-O 8. Re1 d4 9. a4 e5 10. Nc4 Nd7
11. h4 Qc7 12. Ng5 Bxg5 13. Bxg5 h6 14. Bd2 Nb6 15. Nxb6 Qxb6 16. b3 Be6 17. f4 Rae8 18. Rf1 Qd8 19. f5 Bd7 20. Qh5 a6
21. g4 f6 22. g5 hxg5 23. hxg5 fxg5 24. Bxg5 Qc7 25. f6 Be6 26. fxg7 Qxg7 27. Bh6 Rxf1+ 28. Rxf1 Qh7 29. Qxe8#
1-0

[Event "Winter is coming"]
[Site "SchemingMind.com"]
[Date "2008.11.26"]
[Round "-"]
[White "Aadsje"]
[Black "Black Knight"]
[Result "1-0"]
[WhiteCountry "NED"]
[BlackCountry "USA"]
[WhiteElo "2208"]
[WhiteRD "59"]
[BlackElo "1538"]
[BlackRD "73"]
[GameID "180376"]

1. d4 Nf6 2. c4 d5 3. Nf3 dxc4 4. e4 Nxe4 5. Bxc4 Nc6 6. O-O e6 7. d5 exd5 8. Bxd5 Nf6 9. Bxc6+ bxc6 10. Re1+ Be7
11. Qxd8+ Kxd8 12. Ne5 Be6 13. Nxc6+ Kd7 14. Ne5+ Ke8 15. Nc3 Bd6 16. Bg5 h6 17. Bxf6 gxf6 18. Nc4 Kd7 19. Nxd6 Kxd6 20. Nb5+ Kc6
21. Nd4+
1-0

[Event "Winter is coming"]
[Site "SchemingMind.com"]
[Date "2008.11.24"]
[Round "-"]
[White "aadaam"]
[Black "mostly harmless"]
[Result "0-1"]
[WhiteCountry "INT"]
[BlackCountry "GER"]
[WhiteElo "1778"]
[WhiteRD "44"]
[BlackElo "1834"]
[BlackRD "210"]
[GameID "180377"]

1. e4 c5 2. Nf3 e6 3. d4 cxd4 4. Nxd4 a6 5. g3 d5 6. Bg2 dxe4 7. Bxe4 Nf6 8. Bg2 e5 9. Nf3 Qxd1+ 10. Kxd1 Nc6
11. Re1 Bd6 12. Nxe5 Nxe5 13. f4 Bg4+ 14. Kd2 O-O-O 15. fxe5 Bb4+
0-1

[Event "Winter is coming"]
[Site "SchemingMind.com"]
[Date "2008.11.26"]
[Round "-"]
[White "Andoni Zabala"]
[Black "firsttech"]
[Result "0-1"]
[WhiteCountry "INT"]
[BlackCountry "USA"]
[WhiteElo "1689"]
[WhiteRD "107"]
[BlackElo "1998"]
[BlackRD "81"]
[GameID "180470"]

1. e4 c5 2. Nf3 d6 3. d4 cxd4 4. Nxd4 Nf6 5. Nc3 a6 6. Be3 e6 7. Be2 Nc6 8. Qd2 Qc7 9. O-O Bd7 10. f4 O-O-O
11. a4 e5 12. Nxc6 Qxc6 13. Nd5 Nxe4 14. Nb6+ Qxb6 15. Bxb6 Nxd2 16. Rfd1 Ne4 17. Bxd8 Kxd8 18. fxe5 dxe5 19. Bg4 Nd6 20. Bxd7 Kxd7
21. c4 Ke6 22. c5 Ne4 23. b4 a5 24. Re1 f5 25. c6 Bxb4 26. Re2 bxc6 27. g4 g6 28. h3 Rd8 29. Kg2 c5
0-1

[Event "Winter is coming"]
[Site "SchemingMind.com"]
[Date "2008.11.26"]
[Round "-"]
[White "firsttech"]
[Black "Andoni Zabala"]
[Result "1-0"]
[WhiteCountry "USA"]
[BlackCountry "INT"]
[WhiteElo "1998"]
[WhiteRD "81"]
[BlackElo "1689"]
[BlackRD "107"]
[GameID "180480"]

1. d4 Nf6 2. c4 g6 3. Nf3 Bg7 4. Nc3 O-O 5. e4 d6 6. Be2 e5 7. O-O exd4 8. Nxd4 Nbd7 9. Be3 Nb6 10. Qc2 Be6
11. Nxe6 fxe6 12. c5 Nbd7 13. cxd6 cxd6 14. Rfd1 Qc7 15. Rac1 Rac8 16. Qb3 Nc5 17. Bxc5 dxc5 18. Qxe6+ Kh8 19. Qh3 b6 20. b3 Qe5
21. Qe3 Rcd8 22. Rxd8 Rxd8 23. f3 Nd5 24. Nxd5 Rxd5 25. Kh1 Rd4 26. g3 h5 27. Kg2 Kh7 28. Rc4 Bh6 29. f4 Rxc4 30. Bxc4 Qb2+
31. Kh3 Qxa2 32. e5 Bf8 33. Qd3 b5 34. Bf7 Qa6 35. e6
1-0

[Event "Winter is coming"]
[Site "SchemingMind.com"]
[Date "2009.01.15"]
[Round "-"]
[White "cleverman"]
[Black "firsttech"]
[Result "0-1"]
[WhiteCountry "USA"]
[BlackCountry "USA"]
[WhiteElo "1645"]
[WhiteRD "79"]
[BlackElo "1983"]
[BlackRD "87"]
[GameID "187221"]

1. e4 c5 2. Nf3 d6 3. d4 cxd4 4. Nxd4 Nf6 5. Nc3 a6 6. Bc4 e6 7. O-O b5 8. Bb3 Be7 9. Re1 O-O 10. a3 Bb7
11. Qd3 Nbd7 12. Bg5 Nc5 13. Bxf6 Nxd3 14. Bxe7 Qxe7 15. cxd3 Rfc8 16. Rac1 Qf6 17. Nde2 a5 18. h3 b4 19. axb4 axb4 20. Nb5 Rxc1
21. Rxc1 Qxb2 22. Bc2 Ra1
0-1

[Event "Winter is coming"]
[Site "SchemingMind.com"]
[Date "2009.01.10"]
[Round "-"]
[White "Girkassa"]
[Black "Kasker"]
[Result "1/2-1/2"]
[WhiteCountry "NOR"]
[BlackCountry "POL"]
[WhiteElo "2205"]
[WhiteRD "117"]
[BlackElo "2160"]
[BlackRD "90"]
[GameID "187222"]

1. d4 Nf6 2. c4 e6 3. Nc3 Bb4 4. Qc2 c5 5. dxc5 O-O 6. a3 Bxc5 7. Nf3 Nc6 8. Bg5 Nd4 9. Nxd4 Bxd4 10. e3 Qa5
11. exd4 Qxg5 12. Qd2 Qxd2+ 13. Kxd2 b6 14. b4 Bb7 15. f3 d6 16. Bd3 Rfc8 17. a4 a5 18. Rhb1 Ba6 19. bxa5 bxa5 20. Nb5 Rc6
21. g4 Rd8 22. Rb2 g5 23. Rab1 Kg7 24. Na3 Nd7 25. h4 h6 26. Ke3 gxh4 27. f4 h3 28. Rh2 Nb6 29. Rxh3 Nxc4+ 30. Nxc4 Bxc4
31. g5 hxg5 32. Rg1 Bxd3 33. Kxd3 d5 34. Rxg5+ Kf6 35. Rh6+ Ke7 36. f5 Rb8 37. fxe6 Rxe6 38. Rhh5 Rb3+ 39. Kd2 Ra3 40. Rxd5 Rxa4
41. Rxa5 Rxd4+ 42. Kc3 Rd7 43. Rad5 Rxd5 44. Rxd5 f6 45. Rf5 Re5 46. Rxe5+ fxe5 47. Kd3 Ke6 48. Ke4 Kf6 49. Ke3 Kf5 50. Kf3 e4+
51. Ke3 Ke5 52. Ke2 Kd4 53. Kd2 e3+ 54. Ke2 Ke4 55. Ke1 Kd3 56. Kd1 e2+ 57. Ke1 Ke3
1/2-1/2

[Event "Winter is coming"]
[Site "SchemingMind.com"]
[Date "2009.01.15"]
[Round "-"]
[White "firsttech"]
[Black "cleverman"]
[Result "1-0"]
[WhiteCountry "USA"]
[BlackCountry "USA"]
[WhiteElo "2004"]
[WhiteRD "86"]
[BlackElo "1599"]
[BlackRD "83"]
[GameID "187230"]

1. d4 e6 2. c4 Nf6 3. Nf3 Nc6 4. Nc3 Bb4 5. Qc2 Bxc3+ 6. bxc3 O-O 7. e4 d6 8. Bd3 Re8 9. e5 dxe5 10. dxe5 Nd7
11. Bxh7+ Kf8 12. Bg5 f6 13. exf6 Nxf6 14. O-O e5 15. Rad1 Qe7 16. Nh4 Qc5 17. Bxf6 gxf6 18. Qg6 Qe7 19. Qg8#
1-0

[Event "Winter is coming"]
[Site "SchemingMind.com"]
[Date "2009.01.11"]
[Round "-"]
[White "Kasker"]
[Black "Girkassa"]
[Result "0-1"]
[WhiteCountry "POL"]
[BlackCountry "NOR"]
[WhiteElo "2157"]
[WhiteRD "90"]
[BlackElo "2203"]
[BlackRD "101"]
[GameID "187231"]

1. e4 e5 2. Nf3 Nc6 3. Bb5 a6 4. Ba4 Nf6 5. O-O Be7 6. Re1 b5 7. Bb3 d6 8. c3 O-O 9. h3 Nb8 10. d4 Nbd7
11. c4 c6 12. c5 Qc7 13. cxd6 Bxd6 14. Bg5 Re8 15. Nbd2 exd4 16. Nxd4 h6 17. Be3 Ne5 18. Qe2 c5 19. Rac1 Ng6 20. a4 Qa5
21. Nc6 Qb6 22. Nb4 Bb7 23. Nd3 Rac8 24. a5 Qa7 25. f3 Nh5 26. f4 Nhxf4 27. Qg4 Ne6 28. Qf5 Rc7 29. Rf1 Bc8 30. Qf2 Ne5
31. Nxe5 Bxe5 32. Nf3 Bf4 33. Bxe6 Bxe3 34. Qxe3 Bxe6 35. Rfd1 Rec8 36. Ne5 c4 37. Qxa7 Rxa7 38. Rd6 b4 39. Nc6 Rb7 40. Kf2 c3
41. bxc3 b3 42. Rb1 b2 43. Nb4 Rxb4 44. cxb4 Rc2+ 45. Ke3 Ba2 46. Rdd1 Rxg2 47. b5 axb5 48. Kd4 Rc2 49. Kd3 Bxb1 50. Rxb1 Rc5
51. Rxb2 b4 52. a6 Ra5 53. Rxb4 Rxa6 54. Rb3 Re6 55. Kd4 Rf6 56. e5 Rf4+ 57. Kd5 g5 58. Rb8+ Kg7 59. Rb7 Kg6 60. Rb6+= Kh5
61. Ra6 Rf3 62. Kd6 Rxh3 63. Ke7 Re3 64. Ra5 Rf3 65. Ra6 Rf5 66. Kd6 g4 67. Kd5 g3 68. Ke4 Rg5 69. Ra1 g2 70. Rg1 Kh4
71. Kf3 Kh3
0-1

[Event "Winter is coming"]
[Site "SchemingMind.com"]
[Date "2009.01.13"]
[Round "-"]
[White "harmy"]
[Black "mostly harmless"]
[Result "1-0"]
[WhiteCountry "USA"]
[BlackCountry "GER"]
[WhiteElo "1902"]
[WhiteRD "93"]
[BlackElo "1911"]
[BlackRD "154"]
[GameID "187570"]

1. d4 Nf6 2. c4 e6 3. Nc3 Bb4 4. a3 Bxc3+ 5. bxc3 c5 6. e3 b6 7. Bd3 Bb7 8. f3 Nc6 9. Ne2 O-O 10. e4 Ne8
11. O-O Rc8 12. e5 d6 13. f4 cxd4 14. cxd4 Na5 15. f5 dxe5 16. dxe5 exf5 17. Bxf5 Qxd1 18. Rxd1 Rxc4 19. e6 Nf6 20. Bb2 Re8
21. Bxf6 gxf6 22. Rd7 fxe6 23. Bxh7+ Kh8 24. Rf1 Rg4 25. Nf4 Rg7 26. Rxg7 Kxg7 27. Nh5+ Kh6 28. Nxf6 Rd8 29. Be4 Bxe4 30. Nxe4 e5
31. g4 Nc4 32. g5+ Kg7 33. Ng3 Nxa3 34. h4 Rd3 35. Kh2 b5 36. h5 b4 37. h6+ Kg6 38. Ne4 b3 39. Rf6+ Kh7 40. Rf7+
1-0

[Event "Winter is coming"]
[Site "SchemingMind.com"]
[Date "2009.01.13"]
[Round "-"]
[White "mostly harmless"]
[Black "harmy"]
[Result "1-0"]
[WhiteCountry "GER"]
[BlackCountry "USA"]
[WhiteElo "1993"]
[WhiteRD "164"]
[BlackElo "1877"]
[BlackRD "90"]
[GameID "187580"]

1. e4 Nf6 2. e5 Nd5 3. c4 Nb6 4. d4 d6 5. exd6 cxd6 6. Nc3 g6 7. Be3 Bg7 8. Rc1 O-O 9. b3 Nc6 10. d5 Ne5
11. Be2 f5 12. f4 Ng4 13. Bd4 Nf6 14. Nf3 Bh6 15. g3 e5 16. dxe6 Bxe6 17. O-O Bg7 18. Ng5 Re8 19. Bf3 Bc8 20. Nb5 h6
21. Nh3 Ne4 22. Bxg7 Kxg7 23. Qd4+ Kh7 24. Rfd1 Re6 25. c5 Nxc5 26. Rxc5
1-0

[Event "Winter is coming"]
[Site "SchemingMind.com"]
[Date "2009.03.16"]
[Round "-"]
[White "Aadsje"]
[Black "Clive Everill"]
[Result "1-0"]
[WhiteCountry "NED"]
[BlackCountry "CZE"]
[WhiteElo "2203"]
[WhiteRD "60"]
[BlackElo "1682"]
[BlackRD "51"]
[GameID "196631"]

1. d4 Nf6 2. Nf3 g6 3. c4 Bg7 4. Nc3 d6 5. e4 O-O 6. Be2 e5 7. O-O Nbd7 8. Be3 Re8 9. Qc2 Ng4 10. Bg5 f6
11. Bd2 Nb6 12. d5 f5 13. a3 f4 14. b4 Nd7 15. h3 Ngf6 16. Ng5 Nf8 17. Qb3 Nxd5 18. Nxd5 Qxg5 19. Nxc7 Bxh3 20. Qxh3 Rec8
21. Nxa8 Rxa8 22. Qd3 Rd8 23. Qd5+ Kh8 24. Qxb7 Qf6 25. Qxa7 Ne6 26. b5 Nd4 27. Bd1 Bh6 28. b6 Nc6 29. Qc7 Nd4 30. b7 Qh4
31. b8=Q Rxb8 32. Qxb8+ Kg7 33. Rb1 f3 34. Rb7+ Kf6 35. Qxd6+ Ne6 36. Qe7#
1-0

[Event "Winter is coming"]
[Site "SchemingMind.com"]
[Date "2009.03.16"]
[Round "-"]
[White "Clive Everill"]
[Black "Aadsje"]
[Result "0-1"]
[WhiteCountry "CZE"]
[BlackCountry "NED"]
[WhiteElo "1682"]
[WhiteRD "51"]
[BlackElo "2203"]
[BlackRD "60"]
[GameID "196634"]

1. e4 c5 2. Nf3 e6 3. d4 cxd4 4. Nxd4 Nc6 5. Nb5 d6 6. Bf4 e5 7. Be3 a6 8. N5c3 Nf6 9. Bc4 Be7 10. Nd5 Nxd5
11. Bxd5 O-O 12. O-O Be6 13. Bxe6 fxe6 14. c3 d5 15. f3 d4 16. cxd4 exd4 17. Bf2 d3 18. Nd2 Bg5 19. Bc5 Rf7 20. Nc4 Bf4
21. Bf2 b5 22. Na3 Rc8 23. g3 Be5 24. Rb1 Bd4 25. Bxd4 Qxd4+ 26. Kg2 Ne5 27. Rf2 Ng4 28. fxg4 Rxf2+ 29. Kh3 Qe3 30. Qe1 Qh6#
0-1

[Event "Winter is coming"]
[Site "SchemingMind.com"]
[Date "2009.05.05"]
[Round "-"]
[White "mostly harmless"]
[Black "Aadsje"]
[Result "1-0"]
[WhiteCountry "GER"]
[BlackCountry "NED"]
[WhiteElo "2075"]
[WhiteRD "143"]
[BlackElo "2165"]
[BlackRD "69"]
[GameID "202661"]

1. d4 Nf6 2. c4 g6 3. Nc3 d5 4. Nf3 Bg7 5. Qb3 dxc4 6. Qxc4 O-O 7. e4 Na6 8. Be2 c5 9. d5 e6 10. O-O exd5
11. exd5 b6 12. Qh4 Nxd5 13. Nxd5 Qxd5 14. Ng5 h6 15. Bf3 hxg5 16. Bxg5 Qd4 17. Qxd4 Bxd4 18. Bxa8 Nb4 19. Be4 Re8 20. Bf3 Ba6
21. Rfd1 Nd3 22. Rd2 Bxb2 23. Rad1 Bc3 24. Rc2 Bd4 25. Rcd2 Nb2 26. Rc1 Nc4 27. Rdd1 Ne5 28. Be4 Ng4 29. Bc6 Bxf2+ 30. Kh1 Rc8
31. Bd7 Kg7 32. Bxg4 Re8 33. Rc2 Bd4 34. Bd7 Re5 35. h4 f6 36. Bf4 Re4 37. g3 Be2 38. Rdc1 Bd3 39. Rd2 Be3 40. Bxe3 Rxe3
41. Kh2 Kh6 42. a4 Be4 43. Bb5 f5 44. Rd7 Ra3 45. Rxa7 Ra2+ 46. Kg1 Rg2+ 47. Kf1 Rxg3 48. Ra6 Rh3 49. Kf2 f4 50. Rxb6 Rh2+
51. Ke1 Rh1+ 52. Kd2 Rxh4 53. Rxc5 Rh3= 54. Re5
1-0

[Event "Winter is coming"]
[Site "SchemingMind.com"]
[Date "2009.05.05"]
[Round "-"]
[White "Aadsje"]
[Black "mostly harmless"]
[Result "1/2-1/2"]
[WhiteCountry "NED"]
[BlackCountry "GER"]
[WhiteElo "2178"]
[WhiteRD "70"]
[BlackElo "1994"]
[BlackRD "149"]
[GameID "202670"]

1. d4 Nf6 2. c4 e6 3. Nf3 b6 4. g3 Ba6 5. b3 Bb4+ 6. Bd2 Be7 7. Bg2 c6 8. Bc3 d5 9. Nbd2 Nbd7 10. O-O O-O
11. Qc2 Rc8 12. e4 Nxe4 13. Nxe4 dxe4 14. Qxe4 b5 15. Ne5 Nxe5 16. dxe5 Qb6 17. cxb5 cxb5 18. Bd4 Bc5 19. Bxc5 Qxc5 20. Rfd1 b4
21. Qd4 Bb5 22. Bb7 Rc7 23. Qxc5 Rxc5 24. f4 Rc7 25. Be4 Rfc8 26. Rd4 a5 27. Rd6 Rc3 28. Bb7 Rb8 29. Bg2 g6 30. Rad1 Kg7
31. Kf2 a4 32. bxa4 Bxa4 33. R1d2 b3 34. axb3 Rbxb3 35. Ra6 Bb5 36. Ra8 h5 37. Rad8 Bc6 38. Bxc6 Rxc6 39. Kg2=
1/2-1/2

[Event "Winter is coming"]
[Site "SchemingMind.com"]
[Date "2009.05.14"]
[Round "-"]
[White "Girkassa"]
[Black "firsttech"]
[Result "0-1"]
[WhiteCountry "NOR"]
[BlackCountry "USA"]
[WhiteElo "2202"]
[WhiteRD "92"]
[BlackElo "2198"]
[BlackRD "86"]
[GameID "204645"]

1. d4 d5 2. c4 c6 3. Nf3 Nf6 4. Nc3 e6 5. e3 Nbd7 6. Bd3 dxc4 7. Bxc4 b5 8. Bd3 a6 9. e4 c5 10. e5 cxd4
11. Nxb5 axb5 12. exf6 gxf6 13. O-O Qb6 14. Qe2 Bb7 15. Bf4 Bc6 16. Rfd1 Bg7 17. Be4 Bxe4 18. Qxe4 O-O 19. Qxd4 Qxd4 20. Nxd4 f5
21. Nxb5 Bxb2 22. Rab1 Be5 23. Bh6 Rfd8 24. Rd2 Nf6 25. Rxd8+ Rxd8 26. f3 Nd5 27. Re1 f6 28. Rc1 Ra8 29. a3 Kf7 30. Rc4 f4
31. g3 Rg8 32. Kf2 fxg3+ 33. hxg3 Bxg3+ 34. Ke2 f5 35. Bd2 h5 36. Ra4 h4 37. Ra7+ Kg6 38. Ra6 h3 39. Rxe6+ Nf6 40. Kf1 h2
41. Kg2 Kf7
0-1

[Event "Winter is coming"]
[Site "SchemingMind.com"]
[Date "2009.05.15"]
[Round "-"]
[White "firsttech"]
[Black "Girkassa"]
[Result "1-0"]
[WhiteCountry "USA"]
[BlackCountry "NOR"]
[WhiteElo "2198"]
[WhiteRD "86"]
[BlackElo "2202"]
[BlackRD "92"]
[GameID "204653"]

1. d4 Nf6 2. c4 e6 3. Nf3 c5 4. d5 b5 5. Bg5 exd5 6. cxd5 d6 7. e4 a6 8. a4 Be7 9. Bxf6 Bxf6 10. axb5 Bxb2
11. Ra2 Bf6 12. bxa6 Qb6 13. Nbd2 O-O 14. Bc4 Nxa6 15. O-O Bg4 16. Bxa6 Rxa6 17. Nc4 Qa7 18. Rxa6 Qxa6 19. Qb3 g6 20. Rb1 Re8
21. h3 Bxf3 22. gxf3 Be5 23. Nxe5 Rxe5 24. Qb8+ Kg7 25. h4 Qd3 26. Kg2 Rxe4 27. fxe4 Qxe4+ 28. f3 Qe2+ 29. Kg3 Qe5+ 30. Kh3 Qxd5
31. Qb2+ Kh6 32. Qf6 c4 33. Rc1 Qc5 34. Qxf7 d5 35. Rd1 c3 36. Rxd5 Qc8+ 37. Kg2 c2 38. Rh5+ gxh5 39. Qf6#
1-0

[Event "Winter is coming"]
[Site "SchemingMind.com"]
[Date "2009.10.27"]
[Round "-"]
[White "mostly harmless"]
[Black "firsttech"]
[Result "1/2-1/2"]
[WhiteCountry "GER"]
[BlackCountry "USA"]
[WhiteElo "2117"]
[WhiteRD "138"]
[BlackElo "2226"]
[BlackRD "97"]
[GameID "224046"]

1. e4 c6 2. c4 d5 3. cxd5 cxd5 4. exd5 Nf6 5. Nc3 Nxd5 6. Nf3 e6 7. Bc4 Nxc3 8. bxc3 Qc7 9. Qe2 Nd7 10. O-O Bd6
11. d4 O-O 12. Bb2 b6 13. Bd3 Bb7 14. h3 Nf6 15. Ne5 Nd5 16. Qc2 g6 17. Rfe1 Rac8 18. Be4 Bxe5 19. dxe5 Rfd8 20. Rad1 Nf4
21. Rxd8+ Rxd8 22. c4 Bxe4 23. Rxe4 Nd3 24. Bd4 Nc5 25. Rh4 h5 26. Qc3 Nb7 27. Re4 Rc8 28. Be3 Na5 29. c5 Nb7 30. Rc4 Nxc5
31. f4 Qd8 32. Rd4 Qe7 33. Bf2 Kg7 34. Kh2 Qb7 35. Qe3 b5 36. Bh4 Nd7 37. Qd3 Nb6 38. Rd8 Rxd8 39. Bf6+ Kh7 40. Qxd8 Qa8
41. Qxa8 Nxa8 42. Bd8 Kg8 43. Kg3 Kf8 44. Kh4 Ke8=
1/2-1/2

[Event "Winter is coming"]
[Site "SchemingMind.com"]
[Date "2009.10.26"]
[Round "-"]
[White "firsttech"]
[Black "mostly harmless"]
[Result "1/2-1/2"]
[WhiteCountry "USA"]
[BlackCountry "GER"]
[WhiteElo "2226"]
[WhiteRD "97"]
[BlackElo "2117"]
[BlackRD "138"]
[GameID "224050"]

1. d4 Nf6 2. Bg5 e6 3. e4 h6 4. Bxf6 Qxf6 5. Nc3 Bb4 6. Qd2 d5 7. e5 Qd8 8. a3 Be7 9. f4 c5 10. Nf3 Nc6
11. dxc5 Bxc5 12. O-O-O Bd7 13. Kb1 a6 14. f5 Qc7 15. Bd3 O-O-O 16. Rhe1 Ne7 17. f6 gxf6 18. exf6 Nc6 19. g3 Kb8 20. Bf1 Rdg8
21. Bg2 Ba7 22. Ne2 Ne5 23. Nxe5 Qxe5 24. Nf4 Qxf6 25. Qb4 Ka8 26. Rf1 Qd8 27. c4 Qf8 28. Qxf8+ Rxf8 29. cxd5 e5 30. Nd3 Bd4
31. b4 f5 32. Nc5 Bb5 33. Rfe1 Bc3 34. Re3 Bd4 35. Ree1 Bc3 36. Re3=
1/2-1/2